| 000 | 00377nam a2200145Ia 4500 | ||
|---|---|---|---|
| 005 | 20240814115852.0 | ||
| 008 | 240813s9999||||xx |||||||||||||| ||und|| | ||
| 082 | _a551.5 RUZ | ||
| 100 | _aRuzic, Neil P. | ||
| 245 | 0 | _aThere's adventure in meteorology | |
| 260 |
_aChicago _bPopular Mechanics Press _c1958 |
||
| 300 | _a166p | ||
| 650 | _aEarth Sciences (Geology) | ||
| 942 | _cBK | ||
| 999 |
_c5312 _d5312 |
||